| 000 | 00558nam a2200169Ia 4500 | ||
|---|---|---|---|
| 008 | 090201s9999 xx 000 0 und d | ||
| 010 | _aKPL-64479 | ||
| 040 | _bमराठी | ||
| 041 | _aमराठी | ||
| 082 |
_a32772 _b64479 |
||
| 100 | _aमंगला गोडबोले | ||
| 245 |
_aकुंपण आणि आकाश _cमंगला गोडबोले |
||
| 260 |
_c2004 _bनवचैतन्य प्रकाशन |
||
| 300 |
_a152 _bमोठा |
||
| 600 | _aकुंपण आणि आकाश | ||
| 942 | _cBOOK | ||
| 999 |
_c231050 _d231050 |
||